| 000 | 005560000a22001690004500 | ||
|---|---|---|---|
| 090 |
_aAR _b03835 |
||
| 245 | 1 | 0 |
_aIFRI collaborating research center for south - east Asia at the asian institute of technology _sinitial research agenda |
| 650 | 1 | 4 |
_aManejo de Bosques _979593 |
| 650 | 1 | 4 |
_aAgendas de investigación _997652 |
| 650 | 1 | 4 |
_aRecursos de uso común _997243 |
| 650 | 1 | 4 |
_aEconomía institucional _959091 |
| 651 | 4 |
_pAsia _992749 |
|
| 041 | 0 | _aInglés | |
| 100 | 1 |
_aShivakoti, Ganesh P. _997653 |
|
| 942 | _cARTICULO | ||
| 773 | 1 |
_tPreprint _q1-3 _d2002 |
|
| 999 |
_c12870 _d12870 |
||